000 00848pam a2200301 i 4500
999 _c1569
_d1569
001 016642999
003 Uk
005 20230112134533.0
008 131205s2014 enka j 000 1 eng d
015 _aGBB424251
_2bnb
016 7 _a016642999
_2Uk
020 _a9780571309078 (pbk.) :
040 _aStDuBDS
_beng
_cStDuBDS
_dUk
_dKH8
_erda
042 _aukblcatcopy
082 0 4 _a813.6 FRY
_223
100 1 _aFry, Michael,
_d1959-
_eauthor.
245 1 0 _aZero tolerance /
_cby Michael Fry.
264 1 _aLondon :
_bFaber and Faber,
_c2014.
300 _a226 pages :
_billustrations ;
_c20 cm.
336 _atext
_2rdacontent
337 _aunmediated
_2rdamedia
338 _avolume
_2rdacarrier
490 0 _aThe odd squad
500 _aFormerly CIP.
_5Uk
530 _aAlso issued online.
655 0 _aChildren's stories.
942 _2ddc
_cNFIC